00360nam a2200133Ia 4500008004100000041000800041082001700049100002700066245004500093250001400138260003500152300003200187365000700219240624s9999 xx 000 0 und d aeng a332.0412 BHA aBHATTACHARYA HRISHIKES aWORKING CAPITAL MANAGEMENT STRATEGIES AN a(3rd ed.) c2004aNew DelhibPrentice-Hall axvii, : 446 : p. : cm. ; 24 cRS